• 首页
  • 本馆介绍
  • 公告通知
  • 最新文献
  • 馆藏检索
  • 电子资源
  • 读者导购
  • 参考咨询
  • 我的图书馆
  • 登录
  • 详细信息显示
  • 放入我的书架
  • 预约/预借图书
  • 作者相关作品
  • 分类相关作品
  • 丛书相关作品
  • 出版社相关作品

书目信息

  • 表格格式
  • 工作单格式
  • 卡片格式
题名:
大学英语
    
 
作者: 王德明 主编
分册: 第5册   精读
出版信息: 上海   上海外语教育出版社  1993
页数: 107页
开本: 26cm
丛书名:
单 册:
中图分类: H31
科图分类:
主题词: 英语--高等学校--教学参考资料
电子资源:
ISBN: 7-81009-804-7
000 00706nam0 2200229 45
001 0191021385
005 20070618114550.45
010    @a7-81009-804-7@dCNY6.60
100    @a19910829d1993 em y0chiy0121 ea
101 0  @aeng@gchi
102    @aCN@b310000
105    @ay z 000yy
200 10 @a大学英语@ADA XUE YING YU@i精读@IJING DU@h第5册@i教师用书@IJIAO SHI YONG SHU@f王德明主编@Fwang de ming zhu bian
210    @a上海@c上海外语教育出版社@d1993
215    @a107页@d26cm
300    @a高等学校教材
540 1  @a大学 精读@ADA XUE JING DU
606    @a英语@x高等学校@x教学参考资料
690    @aH31
701  0 @a王德明@Awang de ming@4主编
801  0 @aCN@bTSSF@c20070618
905    @a10447@dH31@e1031:5
    
    大学英语.精读.第5册.教师用书/王德明主编.-上海:上海外语教育出版社,1993
    107页;26cm
    高等学校教材
    
    ISBN 7-81009-804-7:CNY6.60
    
●
相关链接 在E读中查询图书 在五车中查询图书 在当当中查询图书 在豆瓣中查询图书


正题名:大学英语     索取号:H31/1031:5         预约/预借

序号 登录号 条形码 馆藏地/架位号 状态 备注
1 0653772   206537728   第二样本阅览室/ [索取号:H31/1031:5] 在馆    
欢迎您!
大连网信软件有限公司© 版权所有